000 01542nam a2200349 i 4500
003 DO-SdBNP
005 20250606124348.0
007 ta
008 250605b1982 dr a||| |||| 00| 0 spa d
040 _aDO-SdBNP
_bspa
_cBNPHU
_erda
082 _axxx
_bG633
_222
245 0 0 _aVersos y fábulas :
_b(antología) /
_cselección, Fiume Gómez de Michel : ilustraciones, Martín Inoa, Emiliano Despradel, Enrique Montero, María Laura Martínez, Giselle Porcella, entre otros
264 _aSanto Domingo :
_bEditora Nivar,
_c1982.
300 _a64 Páginas ;
_bilustraciones
_c27 cm.
336 _atexto
_btxt
_2rdacontent
337 _asin mediación
_bn
_2rdamedia
338 _avolumen
_bnc
_2rdacarrier
500 _aIlustraciones realizadas por los alumnos del pintor y profesor Ángel Hache en la Galería de Arte Moderno.
590 _aInventariado, 2025/ YL
700 1 _aInoa, Martín
_eilustraciones
_4il.
_988005
700 1 _aDespradel, Emiliano
_eilustraciones
_4il.
_988006
700 1 _aMontero, Enrique
_eilustraciones
_4il.
_988007
700 1 _aMartínez, María Laura
_eilustraciones
_4il.
_988008
700 1 _aPorcella, Giselle
_eilustraciones
_4il.
_988009
700 1 _aFernández, Mónica
_eilustraciones
_4il.
_988010
700 1 _aRivas, Christine
_eilustraciones
_4il.
_988011
700 1 _aMichel Gómez, Hugo Tomás
_eilustraciones
_4il.
_988012
700 1 _aMichel Gómez, Huguette Argelia
_eilustraciones
_4il.
_988013
700 1 _aValdéz, César
_eilustraciones
_4il.
_988014
910 _aYLockward
942 _2ddc
_cLBS1
999 _c59160
_d59160